ストリートファイターⅡの登場キャラクター - Statistics

General Stats
  • This quiz has been taken 91 times
  • The average score is 9 of 12
Answer Stats
キャラクター % Correct
リュウ JAPAN
96%
ケン USA
93%
春麗 CHINA
91%
エドモンド本田 JAPAN
87%
ダルシム INDIA
79%
ガイル USA
75%
ザンギエフ USSR
72%
ベガ -
68%
ブランカ BRAZIL
63%
バルログ SPAIN
56%
サガット THAILAND
53%
M・バイソン USA
22%
No matching quizzes found
Score Distribution
Percent of People with Each Score
Percentile by Number Answered
Your Score History
You have not taken this quiz